Cases and materials on clinical legal education / (Record no. 2470)

MARC details
000 -LEADER
fixed length control field 00577nam a22001937a 4500
003 - CONTROL NUMBER IDENTIFIER
control field BD-DhJNU
005 - DATE AND TIME OF LATEST TRANSACTION
control field 20260101043556.0
008 - FIXED-LENGTH DATA ELEMENTS--GENERAL INFORMATION
fixed length control field 260101b |||||||| |||| 00| 0 eng d
020 ## - INTERNATIONAL STANDARD BOOK NUMBER
International Standard Book Number 9789843409782
040 ## - CATALOGING SOURCE
Original cataloging agency BD-DhJNU
Language of cataloging ENG
Transcribing agency BD-DhJNU
Modifying agency BD-DhJNU
082 ## - DEWEY DECIMAL CLASSIFICATION NUMBER
Edition number 23
Classification number 340.07 CAS
245 ## - TITLE STATEMENT
Title Cases and materials on clinical legal education /
Statement of responsibility, etc. edited by Abdullah Al-Faruque
260 ## - PUBLICATION, DISTRIBUTION, ETC.
Place of publication, distribution, etc. Chittagong :
Name of publisher, distributor, etc. HEQEP ;
Date of publication, distribution, etc. 2016.
300 ## - PHYSICAL DESCRIPTION
Extent 320p. :
Other physical details ill. ;
Dimensions 22 cm
650 ## - SUBJECT ADDED ENTRY--TOPICAL TERM
Topical term or geographic name entry element Legal education
650 ## - SUBJECT ADDED ENTRY--TOPICAL TERM
Topical term or geographic name entry element Law
700 ## - ADDED ENTRY--PERSONAL NAME
Personal name Al-Faruque, Abdullah
Relator term editor
942 ## - ADDED ENTRY ELEMENTS (KOHA)
Source of classification or shelving scheme Dewey Decimal Classification
Koha item type Books
Suppress in OPAC No
Holdings
Withdrawn status Lost status Source of classification or shelving scheme Damaged status Not for loan Collection Home library Current library Shelving location Date acquired Source of acquisition Total checkouts Full call number Barcode Date last seen Copy number Price effective from Koha item type
    Dewey Decimal Classification     Non-fiction Jagannath University Central Library Jagannath University Central Library General stacks 01/01/2026 Purchased   340.07 CAS JNUCL36494 01/01/2026 1 01/01/2026 Books